000 00227nam a2200097Ia 4500
008 190216s9999||||xx |||||||||||||| ||und||
100 _aRivers P H
245 0 _aCollions Guide To Letter Writing
260 _bCollins
942 _cBK
999 _c15179
_d15179